02116 a2200289 450000500170000000800410001704000520005804100080011004100080011824500460012626000670017230000460023950003880028550803630067351101790103654600980121558600720131358600750138560000420146065000250150265100300152770000290155771000350158671000230162171000240164485601580166820140509092014.0140430s19982008ag g q mlmul d aCO-BoUCMbspacOscar AnayadAldemar Mondragón aeng aspa00aElizabethcShekhar Kapur, directorh[DVD] aBuenos Aires (Argentina)bPolygram Filmed Entertainment c1998 a1 DVD, 119 minutosbimagen, sonido, color aSINOPSIS: Inglaterra, 1558. La joven y apasionada Elizabeth Tudor llega al trono en medio de una sangrienta confusión. Entres sus cortesanos se encuentran el venerable Sir William Cecil, su amante el duque de Norfolk y su asesor Walsingham. Elizabeth debe aprender a tomar las desiciones con cuidado e ignorar sus deseos personales si es que desea mantener su corona... y su cabeza aCRÉDITOS: Dirigida por Shekhar Kapur ; escrita por Michael Hirst ; producida por Tim Bevan ; música por David Hirschfelder ; fotografía por Remi Adefarasin ; diseño de producción por John Myhre ; dirección de arte por Jonathan Lee y Lucy Richardson ; ambientación por Peter Howitt ; vestuario por Alexandra Byrne ; maquillaje por Jenny Shircore0 aREPARTO: Cate Blanchett, Geoffrey Rush, Christopher Eccleston, Joseph Fiennes, Richard Attenborough, Fanny Ardant, Eric Cantona, Vincent Cassel, Kathy Burke, Edward Hardwicke aAudio en inglés, portugués y español. Subtítulos en inglés, portugués y español aGanadora de un premio Oscar de la Academia, 1999 (mejor maquillaje) aGanadora de un premio Golden Globes, 1999 (mejor actriz protagónica)14220aElizabethbIcReina de Inglaterra 7aAmor en el cinevDVD 4aInglaterraxHistoriavDVD1 aKapur, Shekharedirector2 aPolygram Filmed Entertainment 2 aChannel Four Films2 aWorking Title Films40uhttps://www.youtube.com/watch?v=ikwDzecY7F8zSiga este enlace para ver el trailerzTrailer tomado del canal MOVIECLIPS Classic Trailers vía YouTube.com